| 000 | 00901nam a2200265 a 4500 | ||
|---|---|---|---|
| 001 | 000027555 | ||
| 003 | DO-SdBNP | ||
| 005 | 20230421112359.0 | ||
| 007 | ta | ||
| 008 | 110401s1972 dr abc 001 0 spa d | ||
| 040 |
_aDO-SdBNP _bspa _cBNPHU |
||
| 082 | 4 |
_a917.293 _bN964t, 1972 _222 |
|
| 100 | 1 |
_aNúñez Molina, Luis _954646 |
|
| 245 | 1 | 3 |
_aEl territorio Dominicano / _cLuis Núñez Molina. |
| 250 | _a5ª ed. | ||
| 260 |
_aSanto Domingo : _bJulio D. Postigo Editores, _c1972. |
||
| 300 |
_a188 p. : _bilustraciones, mapas y retratos. ; _c27 cm. |
||
| 504 | _aBibliografía : p. 187 | ||
| 590 | _aInventariado, 2023/BT | ||
| 650 | 4 |
_aGeografía física _zRepública Dominicana _931346 |
|
| 650 | 4 |
_aGeografía política _zRepública Dominicana _954612 |
|
| 651 | 4 |
_aRepública Dominicana _xGeografía _xLibros De Textos _954613 |
|
| 910 | _aValidado. Control de calidad EMS | ||
| 942 |
_2ddc _cLBS1 |
||
| 999 |
_c27047 _d27047 |
||